MARC

LEADER 00000nas a2200000 a 4500
001 ssj0000349
003 WaSeSS
005 20200512172242.0
006 m d
007 cr n
008 050614c19859999nyubx pss 0 a0eng c
010 |a  2008233875 
016 7 |a SR0055109(s)  |2 DNLM 
016 7 |a 013430588  |2 Uk 
022 |a 1559-7075  |l 1559-7075  |y 8756-3894 
035 |a (WaSeSS)ssj0000349 
040 |a OCLCS  |b eng  |e pn  |c OCLCS  |d OCL  |d GUA  |d NSD  |d OCLCQ  |d UKMGB  |d OCLCQ  |d OCLCF  |d OCLCO  |d OCLCQ  |d OCLCO  |d WT2  |d ELW  |d OCLCO  |d EZC  |d NTG  |d OCLCQ  |d OCLCO  |d AU@  |d VT2  |d NJT  |d DLC  |d OCLCQ  |d OCLCO  |d WaSeSS 
042 |a pcc  |a nsdp 
050 0 0 |a LB1043 
082 0 4 |a 371.3/07/8  |2 19 
130 0 |a TechTrends (Online) 
222 0 |a TechTrends  |b (Online) 
245 1 0 |a TechTrends  |h [electronic resource] :  |b for leaders in education & training. 
246 3 |a Tech trends 
246 3 |a TechTrends for leaders in education & training 
246 3 |a TechTrends linking research and practice to improve learning  |f <Jan./Feb. 2004> 
260 |a [Washington, D.C.] :  |b Association for Educational Communications & Technology 
260 3 |3 <2016>- :  |a [New York] :  |b Springer US 
310 |a Six no. a year,  |b 1986- 
321 |a 8 no. a year,  |b 1985 
362 1 |a Print began with v. 30, no. 2 (Feb./Mar. 1985). 
500 |a Published: Bloomington, IN, 1999- 
500 |a Subtitle varies. 
506 |a License restrictions may limit access. 
515 |a Issue for Feb./Mar. 1985 called also "premier issue." 
515 |a Publication suspended Apr./May 1998-Sept. 1999. 
538 |a Mode of access: World Wide Web. 
550 |a Official publication of: the Association for Educational Communications and Technology. 
588 0 |a Vol. 42, no. 1 (Jan. 1997); title from contents screen (SpringerLink, viewed June 16, 2008). 
588 1 |a Vol. 63, no. 5 (Sept. 2019) (SpringerLink website, viewed Nov. 18, 2019). 
650 0 |a Audio-visual education  |v Periodicals. 
650 0 |a Education  |x Data processing  |v Periodicals. 
650 0 |a Computer-assisted instruction  |v Periodicals. 
650 7 |a Audio-visual education.  |2 fast  |0 (OCoLC)fst00821036 
650 7 |a Computer-assisted instruction.  |2 fast  |0 (OCoLC)fst00872725 
650 7 |a Education  |x Data processing.  |2 fast  |0 (OCoLC)fst00902579 
655 0 |a Electronic journals. 
710 2 |a Association for Educational Communications and Technology. 
776 1 |t TechTrends  |x 8756-3894  |w (DLC) 85643079  |w (OCoLC)11557330 
780 0 0 |t Instructional innovator 
850 |a DLC 
856 4 0 |z Full text available from Research Library: 01/01/1998 to 1 year ago  |u https://search.proquest.com/publication/40581